01044nam a2200253 a 450000100100000000500170001000800410002702000150006804000250008308200180010810000380012624501780016426000640034230000400040650400560044665000230050265000200052565000220054565000290056770000460059604900090064295201220065199900170077300002477220250714091949.0110203s2002 mx ab r 000 0 spa d a9701884272 aDO-SdBNPbspacBNPHU a331.88bS718g1 aSoto Correa, José Carmen95085010aLos grupos armados de los políticos católicos :bla masacre de sindicalistas de Chaparro , Michoacán /cJosé Carmen Soto Correa ; prólogo Arturo Salcido Beltrán. aMéxico, D. F. :bInstituto Politécnico Nacional,c2002. a558, [1] p. :bil., mapas ;c22 cm. aIncluye referencias bibliográficas (p. [535]-554) 0aSindicalismo97274 0aSocialismo9287 0aSindicatos931036 0aClase trabajadora9140341 aSalcido Beltrán, Arturoepról.950851 aBNGR 001054708MOaGRbGRcCTd2011-02-03iLF1l0o331.88 S718gp24772-10r2020-06-25w2020-06-25y4ZPréstamo en sala c24265d24265